书目信息 |
| 题名: |
高一化学能力导师
|
|
| 作者: | 梁凯 主编 ;北京新东方学校 编著 | |
| 分册: | 1 | |
| 出版信息: | 杭州 浙江教育出版社 2021.06 |
|
| 页数: | 153页 | |
| 开本: | 29cm | |
| 丛书名: | 新东方大愚中学化学丛书 | |
| 单 册: | ||
| 中图分类: | G634.83 | |
| 科图分类: | ||
| 主题词: | 中学化学课--高中--教学参考资料 | |
| 电子资源: | ||
| ISBN: | 978-7-5536-8768-1 | |
| 000 | 00914nam0 2200277 45 | |
| 001 | 012001001222 | |
| 005 | 20221207164446.05 | |
| 010 | @a978-7-5536-8768-1@dCNY32.50 | |
| 100 | @a20220905d2019 em y0chiy50 ea | |
| 101 | 0 | @achi |
| 102 | @aCN@b330000 | |
| 105 | @aa z 000yy | |
| 106 | @ar | |
| 200 | 1 | @a高一化学能力导师@Agao yi hua xue neng li dao shi@h1@f北京新东方优能中学研发中心编著 |
| 210 | @a杭州@c浙江教育出版社@d2021.06 | |
| 215 | @a153页@c图@d29cm@e1手册(56页) | |
| 225 | 1 | @a新东方大愚中学化学丛书@f陶然总编 |
| 300 | @a优能中学教育 优方法,能提升 | |
| 314 | @a主编:梁凯 | |
| 410 | 0 | @12001 @a新东方大愚中学化学丛书 |
| 606 | 0 | @a中学化学课@x高中@j教学参考资料 |
| 690 | @aG634.83@v5 | |
| 701 | 0 | @a梁凯@Aliang kai@4主编 |
| 712 | 02 | @a北京新东方学校@Abei jing xin dong fang xue xiao@b优能中学研发中心@4编著 |
| 801 | 0 | @aCN@bAHXH@c20221111 |
| 905 | @b1370683-7@dG634.83@e2694:1(1)@f5 | |
| 高一化学能力导师.1/北京新东方优能中学研发中心编著.-杭州:浙江教育出版社,2021.06 |
| 153页:图;29cm+1手册(56页).-(新东方大愚中学化学丛书/陶然总编) |
| 优能中学教育 优方法,能提升 |
| ISBN 978-7-5536-8768-1:CNY32.50 |
| ● |
| 相关链接 |
|
|
|
|
正题名:高一化学能力导师
索取号:G634.83/2694:1(1)
 
预约/预借
| 序号 | 登录号 | 条形码 | 馆藏地/架位号 | 状态 | 备注 |
| 1 | 1370683 | 213706836 | 第一样本阅览室/ [索取号:G634.83/2694:1(1)] | 在馆 | |
| 2 | 1370684 | 213706845 | 教育系资料室/ [索取号:G634.83/2694:1(1)] | 在馆 | |
| 3 | 1370685 | 213706854 | 教育系资料室/ [索取号:G634.83/2694:1(1)] | 在馆 | |
| 4 | 1370686 | 213706863 | 第四借阅区/ [索取号:G634.83/2694:1(1)] | 在馆 | |
| 5 | 1370687 | 213706872 | 第四借阅区/ [索取号:G634.83/2694:1(1)] | 在馆 |